000 00314nam a2200121 i 4500
001 bg
245 0 _aProgram studiów magisterskich dla kierunku Mechanika Wydziału Budownictwa Maszyn.
260 _aGdańsk,
_c1974.
040 _cBPK
041 _apol
942 _cKS
008 s pl f |000 0 pol
999 _c26426
_d26426
856 _uhttp://koha.tu.koszalin.pl/cgi-bin/koha/opac-detail.pl?biblionumber=26426
_yKatalog online BPK